00964cam a2200217 a 450000100100000000500170001000800410002704000250006808200190009311101230011224500900023526000740032530000190039949000140041865100710043271000500050371000350055383000210058895201220060999900150073100000254720200929150218.0900315s1988 uy 101 0 spa  aDO-SdBNPbspacBNPHU a989.504bS612i2 aSimposio Internacional, coloquios y conferenciacParque Hotel, Montevideo, UruguaydDel 7 al 10 de Junio de 19889800714aLas ideas filosóficas que influyeron en la formación del Uruguay contemporáneo. aMontevideo, Uruguay :bFundación Prudencio Vázquez y Vega,c1988. a2 t. ;c26 cm.1 aCuadernos 4aUruguayxPolítica Y Gobiernoy1810-xFilosofíaxCongreso980082 aFundación Prudencio Vázquez y Vega.980092 aFundación Hanns-Seidel98010 0aCuadernos.98011 001052708MOaGRbGRcCTd2009-09-18iLF1l0o989.504 S612ip2547-10r2020-06-25w2020-06-25y2ZPréstamo interno c2383d2383